Christianization and the rise of Christian monarchy (Record no. 45509)
[ view plain ]
| 000 -LEADER | |
|---|---|
| fixed length control field | 01820cam a2200445 a 4500 |
| 001 - CONTROL NUMBER | |
| control field | ocn227347797 |
| 003 - CONTROL NUMBER IDENTIFIER | |
| control field | OCoLC |
| 005 - DATE AND TIME OF LATEST TRANSACTION | |
| control field | 20110718134535.0 |
| 006 - FIXED-LENGTH DATA ELEMENTS--ADDITIONAL MATERIAL CHARACTERISTICS--GENERAL INFORMATION | |
| fixed length control field | m d |
| 007 - PHYSICAL DESCRIPTION FIXED FIELD--GENERAL INFORMATION | |
| fixed length control field | cr cnu---unuuu |
| 007 - PHYSICAL DESCRIPTION FIXED FIELD--GENERAL INFORMATION | |
| fixed length control field | co cga---uuuuu |
| 008 - FIXED-LENGTH DATA ELEMENTS--GENERAL INFORMATION | |
| fixed length control field | 080509s2007 enkb sb 001 0 eng d |
| 020 ## - INTERNATIONAL STANDARD BOOK NUMBER | |
| International Standard Book Number | 9780511378997 (electronic bk.) |
| 020 ## - INTERNATIONAL STANDARD BOOK NUMBER | |
| International Standard Book Number | 0511378998 (electronic bk.) |
| 035 ## - SYSTEM CONTROL NUMBER | |
| System control number | (OCoLC)227347797 |
| 040 ## - CATALOGING SOURCE | |
| Original cataloging agency | N$T |
| Language of cataloging | eng |
| Transcribing agency | N$T |
| Modifying agency | OCLCQ |
| 043 ## - GEOGRAPHIC AREA CODE | |
| Geographic area code | ev----- |
| -- | ec----- |
| -- | e-ur--- |
| 049 ## - LOCAL HOLDINGS (OCLC) | |
| Holding library | CNNA |
| 050 #4 - LIBRARY OF CONGRESS CALL NUMBER | |
| Classification number | BR735 |
| Item number | .C478 2007eb |
| 082 04 - DEWEY DECIMAL CLASSIFICATION NUMBER | |
| Classification number | 274.03 |
| Edition number | 22 |
| 245 00 - TITLE STATEMENT | |
| Title | Christianization and the rise of Christian monarchy |
| Medium | [electronic resource] : |
| Remainder of title | Scandinavia, Central Europe and Rus' c. 900-1200 / |
| Statement of responsibility, etc | edited by Nora Berend. |
| 260 ## - PUBLICATION, DISTRIBUTION, ETC. (IMPRINT) | |
| Place of publication, distribution, etc | Cambridge, UK ; |
| -- | New York : |
| Name of publisher, distributor, etc | Cambridge University Press, |
| Date of publication, distribution, etc | 2007. |
| 300 ## - PHYSICAL DESCRIPTION | |
| Extent | 1 online resource (xii, 444 p.) : |
| Other physical details | maps. |
| 504 ## - BIBLIOGRAPHY, ETC. NOTE | |
| Bibliography, etc | Includes bibliographical references and index. |
| 500 ## - GENERAL NOTE | |
| General note | Description based on print version record. |
| 651 #0 - SUBJECT ADDED ENTRY--GEOGRAPHIC NAME | |
| Geographic name | Scandinavia |
| General subdivision | Church history. |
| 651 #0 - SUBJECT ADDED ENTRY--GEOGRAPHIC NAME | |
| Geographic name | Europe, Central |
| General subdivision | Church history. |
| 651 #0 - SUBJECT ADDED ENTRY--GEOGRAPHIC NAME | |
| Geographic name | Russia |
| General subdivision | Church history. |
| 651 #0 - SUBJECT ADDED ENTRY--GEOGRAPHIC NAME | |
| Geographic name | Scandinavia |
| General subdivision | History |
| Chronological subdivision | To 1397. |
| 651 #0 - SUBJECT ADDED ENTRY--GEOGRAPHIC NAME | |
| Geographic name | Europe, Central |
| General subdivision | History. |
| 651 #0 - SUBJECT ADDED ENTRY--GEOGRAPHIC NAME | |
| Geographic name | Russia |
| General subdivision | History |
| Chronological subdivision | To 1533. |
| 651 #0 - SUBJECT ADDED ENTRY--GEOGRAPHIC NAME | |
| Geographic name | Scandinavia |
| General subdivision | Politics and government. |
| 651 #0 - SUBJECT ADDED ENTRY--GEOGRAPHIC NAME | |
| Geographic name | Europe, Central |
| General subdivision | Politics and government. |
| 651 #0 - SUBJECT ADDED ENTRY--GEOGRAPHIC NAME | |
| Geographic name | Russia |
| General subdivision | Politics and government |
| Chronological subdivision | To 1533. |
| 655 #7 - INDEX TERM--GENRE/FORM | |
| Genre/form data or focus term | Electronic books. |
| Source of term | local |
| 700 1# - ADDED ENTRY--PERSONAL NAME | |
| Personal name | Berend, Nora. |
| 776 08 - ADDITIONAL PHYSICAL FORM ENTRY | |
| Display text | Print version: |
| Title | Christianization and the rise of Christian monarchy. |
| Place, publisher, and date of publication | Cambridge, UK ; New York : Cambridge University Press, 2007 |
| International Standard Book Number | 9780521876162 |
| -- | 0521876168 |
| Record control number | (DLC) 2008271004 |
| -- | (OCoLC)166315025 |
| 856 40 - ELECTRONIC LOCATION AND ACCESS | |
| Materials specified | NetLibrary |
| Uniform Resource Identifier | <a href="http://www.netlibrary.com/urlapi.asp?action=summary&v=1&bookid=220376">http://www.netlibrary.com/urlapi.asp?action=summary&v=1&bookid=220376</a> |
| 994 ## - | |
| -- | 92 |
| -- | CNNEG |
| Withdrawn status | Lost status | Source of classification or shelving scheme | Damaged status | Not for loan | Home library | Current library | Date acquired | Total Checkouts | Full call number | Date last seen | Price effective from | Koha item type |
|---|---|---|---|---|---|---|---|---|---|---|---|---|
| Library of Congress Classification | AIU/NEGST - Tony Wilmot Memorial Library | AIU/NEGST - Tony Wilmot Memorial Library | 04/20/2010 | BR735 .C478 2007eb | 04/20/2010 | 04/20/2010 | Electronic Book |
